MARC

LEADER 00000nam0a2200000 4500
001 310222
005 20231102002250.0
020 |a RU  |b 81-93223 
035 |a (RuTPU)RU\TPU\book\335571 
090 |a 310222 
100 |a 20151123d1981 km y0rusy5003 ca 
101 0 |a rus 
102 |a RU 
105 |a y z 001zy 
200 1 |a Методологические проблемы исследования национально-освободительного движения  |f Е. Г. Шарапова 
210 |a Москва  |c Изд-во МГУ  |d 1981 
215 |a 199 с. 
225 1 |a Научный коммунизм 
320 |a Библиогр.: с. 193-198 
606 1 |a Национально-освободительное движение  |z 20 в.  |2 stltpush  |3 (RuTPU)RU\TPU\subj\45205  |9 64462 
610 1 |a методология 
610 1 |a исследования 
610 1 |a марксистско-ленинская концепция 
610 1 |a социалистическая революция 
610 1 |a мировой революционный процесс 
610 1 |a периодизация 
610 1 |a некапиталистический путь развития 
610 1 |a социалистическое содружество 
686 |a Ф5(0)  |v LBC/SL-A  |2 rubbk 
700 1 |a Шарапова  |b Е. Г.  |g Елена Георгиевна  |4 070 
801 0 |a RU  |b RuMRKP  |c 19950704  |g psbo 
801 1 |a RU  |b 63413507  |c 20151123 
801 2 |a RU  |b 63413507  |c 20171018  |g RCR 
942 |c BK